000 00547nam a22001817a 4500
003 UA-OsUOA
001 13478
007 ta
008 20030601b un ||||| |||| 00| 0 ukr d
100 _aРачок П.
942 _cSA
040 _aUA-OsUOA
_cUA-OsUOA
_dUA-OsUOA
245 _aГубків: [Сьогодення с. Губків Березнів. р-ну]
300 _aС.2
955 _a0
773 0 _w0
_tНадслучанський вісник
_dБерезне
_d2003
_gN36/7 трав./
650 7 _aКраєзнавча робота
_2UDC
999 _c299639
_d299639